00916nam a2200241 i 450000100060000000300090000600500170001500700030003200800410003502000180007610000570009424501500015126000330030130000220033449000400035650000130039650400300040970000260043983000480046585200220051399900170053595201220055262874ES-MaACL20250809095017.0t|031126s1973 sp |||| | spa d a84-335-8128-71 aFernández de Moratín, Leandro,d1760-182894969513aLa derrota de los pedantes b: lección poética / cLeandro Fernández de Moratín ; edición, prólogo, notas y glosario de John Dowling. aBarcelona : bLabor, c1973. a196 p. ; c18 cm.1 aTextos hispánicos modernos ; v28 aIndices. aBibliografía: p. 41-44.1 aDowling, John.9455330 aTextos hispánicos modernos ; v289181506 aES-MaACLjL-10362 c62874d62874 00104070aATENEOMbATENEOMcDEPO2d2008-01-17eSCl0oL-10362p1065913r2023-02-23 00:00:00w2023-02-23yMONOGRAFIA